Normal view
MARC view
Entry Personal Name
001 - CONTROL NUMBER
- control field: 20626
003 - CONTROL NUMBER IDENTIFIER
- control field: ARRUPE
005 - DATE AND TIME OF LATEST TRANSACTION
- control field: 20151028113403.0
008 - FIXED-LENGTH DATA ELEMENTS
- fixed length control field: 151028|| aca||aabn | a|a d
040 ## - CATALOGING SOURCE
- Original cataloging agency: ARRUPE
- Transcribing agency: ARRUPE
100 ## - HEADING--PERSONAL NAME
- Personal name: Ney, Richard.
670 ## - SOURCE DATA FOUND
- Source citation: Work cat.: (ARRUPE)0: Ney, Richard., The Wall Street jungle., 1971